| 000 | 00618nam a2200241Ia 4500 | ||
|---|---|---|---|
| 003 | OSt | ||
| 005 | 20221005120213.0 | ||
| 006 | a|||||r|||| 00| 0 | ||
| 007 | ta | ||
| 008 | 221004b |||||||| |||| 00| 0 tam d | ||
| 024 | _a47211 | ||
| 037 | _cTextual | ||
| 040 |
_aCRL _cCRL _btam |
||
| 041 |
_2tam _atam |
||
| 082 | _aNR213xM76, 31J6 | ||
| 100 |
_aPillai Desikavinayakam Au. _9625943 |
||
| 245 | 0 | _aDeviyin keerthamangal | |
| 260 | _c1956 | ||
| 300 |
_a91p. _ccm. |
||
| 650 | _aARTS | ||
| 942 |
_hNR213xM76, 31J6 _cTEXL _2cc |
||
| 999 |
_c1037170 _d1037170 |
||